Nositeľom novej kultúry v spoločnosti je transformačný manažér
Rastúci význam osobnosti pracovníka vo vyspelých podnikoch. Požiadavky na zmenu kultúry riadenia. Trendy zmien podnikovej kultúry. Optimálna firemná kultúra. Charakteristika transformačného manažmentu, transformačného manažéra. Význam kultúry transformačného manažmentu pre slovenskú manažérsku prax.
Salvato in:
| Autore principale: | |
|---|---|
| Natura: | Libro |
| Lingua: | slovacco |
| Soggetti: | |
| Tags: |
Nessun Tag, puoi essere il primo ad aggiungerne!!
|
MARC
| LEADER | 00000nam a2200000 4500 | ||
|---|---|---|---|
| 001 | r030606 | ||
| 005 | 20230921083350.0 | ||
| 041 | 0 | |a slo | |
| 044 | |a SK | ||
| 245 | 1 | 0 | |a Nositeľom novej kultúry v spoločnosti je transformačný manažér |c Mojmír Kališ |
| 520 | |a Rastúci význam osobnosti pracovníka vo vyspelých podnikoch. Požiadavky na zmenu kultúry riadenia. Trendy zmien podnikovej kultúry. Optimálna firemná kultúra. Charakteristika transformačného manažmentu, transformačného manažéra. Význam kultúry transformačného manažmentu pre slovenskú manažérsku prax. | ||
| 610 | 2 | 0 | |a manažment |
| 610 | 2 | 0 | |a manažéri |
| 610 | 2 | 0 | |a transformácia |
| 610 | 2 | 0 | |a kultúra podniková |
| 610 | 2 | 0 | |a zdroje ľudské |
| 610 | 2 | 0 | |a pracovníci |
| 100 | 1 | |a Kališ, Mojmír | |